00867cam a2200205 a 450000100100000000500170001000800410002704000220006808200190009010000640010924500650017326000500023830000250028850200850031350400330039865100590043191000340049095201220052499900150064600000564720200929151730.0760402s1974 ve a b 001 0 spa  aDO-SdBNPcFUdDLC a987.061bP438g1 aPérez Arcay, Jacinto Rafaelq(General de brigada).91597613aLa guerra federal :bconsecuencias /cJacinto Pérez Arcay. aCaracas, Venezuela :bGráficas Reus,c1974. a337 :bil. ;c23 cm. a"Tesis de curso de Estado Mayor (Escuela Superior del Ejército de Venezuela)." aBibliografías: p. 281-283. 4aVenezuelaxHistoriaxGuerra Federal,y1859-1863915977 aCatalogación por copia / LC 001052708MOaGRbGRcCTd2009-08-20iLF1l0o987.061 P438gp5647-10r2020-06-25w2020-06-25y2ZPréstamo interno c5446d5446